000 00518nam a2200193Ia 4500
005 20260429111940.0
008 260429s9999||||xx |||||||||||||| ||und||
020 _a9789370440586
041 _aEnglish
082 _a572.8
_bKHA
100 _aKhare, Rita
245 0 _aBiochemistry and molecular biology /
_cRita Khare
260 _aNew Delhi :
_bAsia Publishers,
_c2026.
300 _axi, 256 p.; hb
650 _a Biochemical genetics
650 _a Molecular biology
650 _aBiochemistry
942 _cTB
999 _c51574
_d51574